Iusnaturalismo y positivismo jurídico

Gespeichert in:
Bibliographische Detailangaben
1. Verfasser: Bobbio, Norberto (autor)
Format: Buch
Sprache:Spanisch
Veröffentlicht: Madrid, España Trotta S.A 2015
Schriftenreihe:Estructuras y procesos. Derecho
Schlagworte:
Tags: Tag hinzufügen
Keine Tags, Fügen Sie den ersten Tag hinzu!

MARC

LEADER 00000cam a2200000 a 4500
001 UCC8007
003 CL-VaPUC
005 20220519133907.0
008 190524e20150000sp |||||||||||||||||spa|d
999 |c 374466  |d 374464 
020 |a 9788498795707 
040 |c Pontificia Universidad Católica de Valparaíso 
082 0 4 |a 340.1 BOB 2015  |2 21 
100 |a Bobbio, Norberto  |e autor  |9 257371 
245 1 0 |a Iusnaturalismo y positivismo jurídico 
260 |a Madrid, España  |b Trotta S.A  |c 2015 
300 |a 229 páginas 
440 |a Estructuras y procesos. Derecho  |9 856691 
583 |a last modification  |c 20190524 12:30:00  |k Rodrigo Vera 
650 0 |a Positivismo jurídico  |9 255992 
650 0 |a Filosofía del derecho   |9 255050 
650 0 |a Iusnaturalismo  |9 393557 
650 7 |a FORMALISMO  |2 CL-VaPUC  |9 337281 
852 |a BIBDER 
942 |c BK  |2 ddc 
945 |d 20190524 12:30:00  |a dcastane 
952 |0 0  |1 0  |3 erb  |4 0  |6 340_100000000000000_BOB_2015  |7 0  |8 A  |9 493003  |a BIBDER  |b BIBDER  |d 2019-05-10  |e 22  |g 24000.00  |i 5549914  |l 1  |o 340.1 BOB 2015  |p 5549914  |r 2024-08-27  |s 2024-08-26  |v 24000.00  |w 2019-11-24  |y BK  |z Catalogado en:20190524  |k DER